Aranceles y subsidios a las exportaciones (Registro nro. 24495)
[ vista simple ]
| 000 -LEADER | |
|---|---|
| fixed length control field | 00374 a2200121 4500 |
| 001 - CONTROL NUMBER | |
| control field | ART_9060 |
| 005 - DATE AND TIME OF LATEST TRANSACTION | |
| control field | 20260410161845.0 |
| 008 - FIXED-LENGTH DATA ELEMENTS--GENERAL INFORMATION | |
| fixed length control field | 260409a |
| 100 1# - MAIN ENTRY--PERSONAL NAME | |
| Personal name | Echavarría, Juan J. |
| 245 10 - TITLE STATEMENT | |
| Title | Aranceles y subsidios a las exportaciones |
| 700 1# - ADDED ENTRY--PERSONAL NAME | |
| Personal name | Perry, Guillermo E. |
| 773 0# - HOST ITEM ENTRY | |
| Title | El trimestre económico |
| Related parts | - Vol. L, Nº 197 (ene./mar. 1983) |
| Record control number | REV6933 |
No hay ítems disponibles.